Equestria, the land I love (my little pony) - lyrics - Statistics

General Stats
  • This quiz has been taken 18 times
  • The average score is 29 of 38
Answer Stats
Answer % Correct
Equestria
100%
Equestria
100%
Equestria
100%
I
100%
land
100%
land
100%
land
100%
love
100%
the
100%
my
94%
A
88%
a
88%
home
88%
of
82%
of
82%
friends
76%
flag
71%
friendship
71%
harmony
71%
roam
71%
to
71%
Where
71%
above
65%
do
65%
ends
65%
For
65%
high
65%
never
65%
ponykind
65%
ponykind
65%
true
65%
does
59%
Our
59%
say
59%
see
59%
They
59%
wave
59%
from
53%
No matching quizzes found
Score Distribution
Percent of People with Each Score
Percentile by Number Answered
Your Score History
You have not taken this quiz